000 00441nam a22001697a 4500
003 MPLRDC
005 20220104162941.0
008 210129b ||||| |||| 00| 0 eng d
020 _a1-85788-040-4
082 _a177.2 WAT
100 _aROBERT H. WATERMAN, JR.
245 _aTHE FRONTIERS OF EXCELLENCE
_c
260 _a
_bNICHOLAS BREALEY PUBLISHING
_c
300 _b
650 _a应用心理学--成功法
942 _cBK
_o177.2 WAT
999 _c56229
_d56219